000 00631nam a2200229Ia 4500
003 OSt
005 20220918204306.0
006 a|||||r|||| 00| 0
007 ta
008 220917b |||||||| |||| 00| 0 eng d
024 _a111,889
037 _cTextual
040 _aARTS
_cARTS
_beng
041 _2eng
_aeng
082 _aV53:1706:N14-M71, K8
100 _aGaniage Jean
_9111386
245 0 _aL'expansion coloniale de la FRance
_b sous la troisieme grepublique 1871-1914
260 _c1968
650 _aHISTORY
942 _hV53:1706:N14-M71, K8
_cTEXL
_2CC
999 _c235238
_d235238